<?xml version="1.0" encoding="UTF-8"?><?xml-stylesheet type="text/xsl" href="static/style.xsl"?><OAI-PMH xmlns="http://www.openarchives.org/OAI/2.0/" xmlns:xsi="http://www.w3.org/2001/XMLSchema-instance" xsi:schemaLocation="http://www.openarchives.org/OAI/2.0/ http://www.openarchives.org/OAI/2.0/OAI-PMH.xsd"><responseDate>2026-04-27T20:21:18Z</responseDate><request verb="GetRecord" identifier="oai:riubu.ubu.es:10259/5401" metadataPrefix="marc">https://riubu.ubu.es/oai/request</request><GetRecord><record><header><identifier>oai:riubu.ubu.es:10259/5401</identifier><datestamp>2021-11-02T12:05:30Z</datestamp><setSpec>com_10259_3593</setSpec><setSpec>com_10259_5086</setSpec><setSpec>com_10259_2604</setSpec><setSpec>col_10259_3594</setSpec></header><metadata><record xmlns="http://www.loc.gov/MARC21/slim" xmlns:doc="http://www.lyncode.com/xoai" xmlns:xsi="http://www.w3.org/2001/XMLSchema-instance" xmlns:dcterms="http://purl.org/dc/terms/" xsi:schemaLocation="http://www.loc.gov/MARC21/slim http://www.loc.gov/standards/marcxml/schema/MARC21slim.xsd">
<leader>00925njm 22002777a 4500</leader>
<datafield tag="042" ind1=" " ind2=" ">
<subfield code="a">dc</subfield>
</datafield>
<datafield tag="720" ind1=" " ind2=" ">
<subfield code="a">Martínez Lara, Fernando</subfield>
<subfield code="e">author</subfield>
</datafield>
<datafield tag="720" ind1=" " ind2=" ">
<subfield code="a">Suárez, Anisley</subfield>
<subfield code="e">author</subfield>
</datafield>
<datafield tag="720" ind1=" " ind2=" ">
<subfield code="a">Suarez Pantiga, Samuel</subfield>
<subfield code="e">author</subfield>
</datafield>
<datafield tag="720" ind1=" " ind2=" ">
<subfield code="a">Tapia Estévez, M" José</subfield>
<subfield code="e">author</subfield>
</datafield>
<datafield tag="720" ind1=" " ind2=" ">
<subfield code="a">Sanz Díez, Roberto</subfield>
<subfield code="e">author</subfield>
</datafield>
<datafield tag="260" ind1=" " ind2=" ">
<subfield code="c">2020-07</subfield>
</datafield>
<datafield tag="520" ind1=" " ind2=" ">
<subfield code="a">A straightforward and efficient synthesis of the two less explored types of indolocarbazoles has been&#xd;
developed. Two different processes for the carbazole nucleus preparation, a gold-catalysed regioselective&#xd;
cyclization followed by the dioxomolybdenum-catalysed version of Cadogan reductive cyclization,&#xd;
enables the sequential construction of two carbazole cores. The procedure features total regioselectivity&#xd;
and high overall yields. The required starting α-indol-3-ylalkyl propargylic alcohols are easily and efficiently&#xd;
accessed from commercially available reagents. In addition, the photoluminescent properties of two&#xd;
indolo[2,3-c]carbazoles, with fluorescence quantum yields around 0.7, have been studied.</subfield>
</datafield>
<datafield tag="024" ind2=" " ind1="8">
<subfield code="a">http://hdl.handle.net/10259/5401</subfield>
</datafield>
<datafield tag="024" ind2=" " ind1="8">
<subfield code="a">10.1039/D0QO00405G</subfield>
</datafield>
<datafield tag="024" ind2=" " ind1="8">
<subfield code="a">2052-4129</subfield>
</datafield>
<datafield tag="245" ind1="0" ind2="0">
<subfield code="a">Straight access to highly fluorescent angular indolocarbazoles via merging Au- and Mo-catalysis</subfield>
</datafield>
</record></metadata></record></GetRecord></OAI-PMH>